000 00937cam a22003017a 4500
003 CHAP
005 20220329140227.0
008 971013s r 00010 d
010 _a48877
011 _a49849
035 _a53999
040 _cCHAP
082 _a633
_bC8 v.1
100 0 0 _aRivas Tagle, Antonino.
_997580
245 0 _aAlmacenamiento, prueba de germinación y desinfección de la semilla de trigo
260 _aSan Jacinto, D.F. :
_bDirección de Agricultura,
_c(s.a.)
300 _a11 p.
490 0 _aCultivos diversos
_v; v.1
501 _aEnc. con otros impresos similares
590 _aBATCH-UPD
_b10
_c20130110
_lUCH01
_h1834
590 _aCONVERSION
_b10
_c20130109
_lUCH01
_h1327
650 1 4 _aTrigo
_xAlmacenamiento.
_9114958
650 1 4 _aTrigo
_xSemilla.
_9115097
830 0 _aCultivos diversos
_v; v.1
_930375
901 _aBK
942 _cLIBRO
949 _a633 C8 v.1
_bBC
_cBPP
_d-119380
_eBPP
_i53999
_si
999 _c48877
_d48877